Naye nagara kī kahānī : (Record no. 72086)
[ view plain ]
| 000 -LEADER | |
|---|---|
| fixed length control field | 00695cam a22002294a 4500 |
| 001 - CONTROL NUMBER | |
| control field | sa 67000613 |
| 003 - CONTROL NUMBER IDENTIFIER | |
| control field | DLC |
| 005 - DATE AND TIME OF LATEST TRANSACTION | |
| control field | 20260227112316.0 |
| 008 - FIXED-LENGTH DATA ELEMENTS--GENERAL INFORMATION | |
| fixed length control field | 890705s1966 ii 000 1 hino |
| 010 ## - LIBRARY OF CONGRESS CONTROL NUMBER | |
| LC control number | sa 67000613 |
| 035 ## - SYSTEM CONTROL NUMBER | |
| System control number | (OCoLC)19964437 |
| 040 ## - CATALOGING SOURCE | |
| Original cataloging agency | DLC |
| Transcribing agency | DLC |
| 050 00 - LIBRARY OF CONGRESS CALL NUMBER | |
| Classification number | PK2098.R392 |
| Item number | N38 1966 |
| 100 0# - MAIN ENTRY--PERSONAL NAME | |
| Personal name | Rāvī, |
| Dates associated with a name | 1911- |
| 245 10 - TITLE STATEMENT | |
| Title | Naye nagara kī kahānī : |
| Remainder of title | naye nagara aura naye samāja kī vicāra preraka kalpanā / |
| Statement of responsibility, etc. | lekhaka, Rāvī. |
| 250 ## - EDITION STATEMENT | |
| Edition statement | 2. saṃskaraṇa. |
| 260 ## - PUBLICATION, DISTRIBUTION, ETC. | |
| Place of publication, distribution, etc. | Jayapura : |
| Name of publisher, distributor, etc. | Kalyāṇamala eṇḍa Sansa, |
| Date of publication, distribution, etc. | 1966. |
| 300 ## - PHYSICAL DESCRIPTION | |
| Extent | 179 p. |
| Dimensions | 19 cm. |
| 500 ## - GENERAL NOTE | |
| General note | "Maulika upanyāsa." |
| 546 ## - LANGUAGE NOTE | |
| Language note | In Hindi. |
| 500 ## - GENERAL NOTE | |
| General note | Previously published: 1956. |
No items available.